[Event "AUTO-BEG-440"]
[Site "http://www.queenalice.com/game.php?id=894942"]
[Date "2011.2.2"]
[Round "2"]
[White "ArzadSharlaan"]
[Black "FERREIRA16"]
[Result "0-1"]
[WhiteElo "1359"]
[BlackElo "2239"]

1. e4 c5 2. Nc3 Nc6 3. Nf3 Nf6 4. Bc4 e6 5. O-O d5 6. Bb5 Nxe4 7. d3 Nxc3 8.
bxc3 Bd7 9. c4 a6 10. Bxc6 Bxc6 11. Bf4 dxc4 12. dxc4 Qxd1 13. Raxd1 f6 14. Bd6
O-O-O 15. Bxf8 Rhxf8 16. h3 Ba4 17. Rc1 Kc7 18. c3 Rd6 19. a3 Bb3 20. Rfd1 Rxd1+
0-1

[Event "AUTO-INT-1960"]
[Site "http://www.queenalice.com/game.php?id=903483"]
[Date "2011.2.21"]
[Round "1"]
[White "ArzadSharlaan"]
[Black "santhiago"]
[Result "1-0"]
[WhiteElo "1424"]
[BlackElo "1397"]

1. e4 d5 2. Nc3 d4 3. Na4 e5 4. d3 h6 5. Nf3 Nc6 6. g3 Bg4 7. h3 Bxf3 8. Qxf3
Nf6 9. h4 Bb4+ 10. Bd2 Bxd2+ 11. Kxd2 O-O 12. Bh3 a6 13. Nc5 Na5 14. g4 Qd6 15.
Nb3 Qb4+ 16. Ke2 Nxb3 17. axb3 Nd7 18. g5 Qd6 19. gxh6 Qxh6 20. Bxd7 Rad8 21.
Bf5 1-0

[Event "AUTO-INT-1960"]
[Site "http://www.queenalice.com/game.php?id=903484"]
[Date "2011.2.21"]
[Round "1"]
[White "santhiago"]
[Black "ArzadSharlaan"]
[Result "0-1"]
[WhiteElo "1413"]
[BlackElo "1408"]

1. d4 d5 2. c4 e6 3. cxd5 exd5 4. Bf4 Nf6 5. h3 Nc6 6. Nf3 Bb4+ 7. Nc3 Ne4 8.
Bd2 Be6 9. e3 O-O 10. Nxe4 dxe4 11. Ne5 Qd6 12. Bb5 Nxe5 13. O-O Nc4 14. Bxc4
Bxc4 15. Re1 c5 16. Bxb4 cxb4 17. b3 Be6 18. Qh5 a5 19. Red1 Qd5 20. Qh4 b5 21.
Qg3 Rac8 0-1

[Event "AUTO-INT-1960"]
[Site "http://www.queenalice.com/game.php?id=903485"]
[Date "2011.2.21"]
[Round "1"]
[White "ArzadSharlaan"]
[Black "NeeneNY"]
[Result "1-0"]
[WhiteElo "1439"]
[BlackElo "1297"]

1. e4 e5 2. Nf3 d6 3. Nc3 Nc6 4. Bc4 Be6 5. d3 Na5 6. b3 Nf6 7. Be3 c6 8. O-O d5
9. Bb5 cxb5 10. Nxb5 a6 11. Nc3 Ng4 12. Ng5 Bb4 13. Na4 O-O 14. Nxe6 fxe6 15.
Qxg4 Qd7 16. Nb6 Qc6 17. Nxa8 Rxa8 18. Rac1 d4 19. Bh6 g6 20. Qg5 Kf7 21. Qxe5
Rd8 22. Qg7+ Ke8 23. Qxh7 e5 24. Bg5 Rd7 25. Qh8+ Kf7 26. Qxe5 Bd6 27. Qxd4
Bxh2+ 28. Kxh2 Rxd4 29. c4 Rxd3 30. e5 b5 31. cxb5 Qxb5 32. f4 Rd2 33. Rfe1 Rxa2
34. e6+ Kg7 35. e7 Qe8 36. b4 Nb3 37. Rcd1 Ra4 38. Rd8 Kf7 39. Rxe8 Kxe8 40. Rd1
Rxb4 41. Rd8+ Kf7 42. e8=Q+ Kg7 43. Qe7# 1-0

[Event "AUTO-INT-1960"]
[Site "http://www.queenalice.com/game.php?id=903486"]
[Date "2011.2.21"]
[Round "1"]
[White "NeeneNY"]
[Black "ArzadSharlaan"]
[Result "1-0"]
[WhiteElo "1362"]
[BlackElo "1424"]

1. d4 d5 2. Nc3 Nf6 3. Bf4 Nc6 4. Nb5 Rb8 5. Nxc7+ Kd7 6. e3 e6 7. Bd3 Bd6 8.
Nb5 Bxf4 9. exf4 a6 10. Na3 Nxd4 11. Ne2 Nc6 12. Qd2 b5 13. c4 Ke7 14. cxb5 axb5
15. Bxb5 Qd6 16. Rc1 Nb4 17. b3 Nxa2 18. Qxa2 Qb4+ 19. Rc3 Ne4 20. Qc2 Qxa3 21.
Rc7+ Kd6 22. Qc6# 1-0

[Event "AUTO-INT-1960"]
[Site "http://www.queenalice.com/game.php?id=903487"]
[Date "2011.2.21"]
[Round "1"]
[White "ArzadSharlaan"]
[Black "Liammason"]
[Result "0-1"]
[WhiteElo "1429"]
[BlackElo "1703"]

1. e4 c5 2. Bc4 e6 3. Nf3 Nc6 4. Nc3 Nge7 5. d3 a6 6. Bf4 d5 7. O-O dxc4 8. dxc4
Qxd1 9. Raxd1 Ng6 10. Ne2 Nxf4 11. Nxf4 Be7 12. e5 O-O 13. b3 Nb4 14. Ra1 Nxc2
15. Rac1 Nd4 16. Nxd4 cxd4 17. a4 Bg5 18. Rcd1 Bxf4 19. Rxd4 Bxe5 20. Re4 f6 21.
c5 Bd7 22. a5 Bc6 23. b4 Bxe4 0-1

[Event "AUTO-INT-1960"]
[Site "http://www.queenalice.com/game.php?id=903488"]
[Date "2011.2.21"]
[Round "1"]
[White "Liammason"]
[Black "ArzadSharlaan"]
[Result "1-0"]
[WhiteElo "1671"]
[BlackElo "1406"]

1. e4 e5 2. Nc3 Nc6 3. f4 d6 4. Nf3 Nf6 5. f5 b6 6. Bb5 Bb7 7. O-O g6 8. Bd3 Bh6
9. fxg6 hxg6 10. h3 Nh5 11. Ne2 Qf6 12. Nfd4 Bf4 13. Nxc6 Bxc6 14. g3 Nxg3 15.
Nxg3 Rxh3 16. Qg4 Qh4 17. Qxh4 Rxh4 18. Kg2 Kd7 19. Rh1 Rah8 20. Rxh4 Rxh4 21.
Nf1 g5 22. a4 a5 23. Bb5 g4 24. Bxc6+ Kxc6 25. d3 Rh3 26. Bxf4 exf4 27. Kg1 g3
28. Kg2 Kc5 29. Kxh3 Kd4 30. Kg2 Ke5 31. Kf3 f5 32. exf5 Kxf5 33. Nxg3+ 1-0

[Event "AUTO-BEG-437"]
[Site "http://www.queenalice.com/game.php?id=914244"]
[Date "2011.3.18"]
[Round "2"]
[White "mjKoviak"]
[Black "ArzadSharlaan"]
[Result "1-0"]
[WhiteElo "1827"]
[BlackElo "1447"]

1. d4 d5 2. c4 e6 3. Nf3 Nf6 4. g3 Nc6 5. Nc3 Bb4 6. Bg2 O-O 7. cxd5 exd5 8. Bd2
Bf5 9. O-O Ng4 10. Nh4 Nxd4 11. Nxd5 c5 12. e3 1-0

[Event "AUTO-BEG-437"]
[Site "http://www.queenalice.com/game.php?id=914245"]
[Date "2011.3.18"]
[Round "2"]
[White "ArzadSharlaan"]
[Black "mjKoviak"]
[Result "0-1"]
[WhiteElo "1449"]
[BlackElo "1825"]

1. e4 c5 2. f4 d5 3. Nc3 d4 4. Nce2 Nc6 5. d3 e5 6. g3 f6 7. f5 Bd6 8. g4 Bd7 9.
Nf3 Qe7 10. g5 fxg5 11. Bxg5 Nf6 12. h4 g6 0-1

[Event "AUTO-BEG-437"]
[Site "http://www.queenalice.com/game.php?id=914248"]
[Date "2011.3.18"]
[Round "2"]
[White "ArzadSharlaan"]
[Black "Deca10"]
[Result "0-1"]
[WhiteElo "1412"]
[BlackElo "1769"]

1. e4 e5 2. Nf3 Nf6 3. Nc3 Bb4 4. Nxe5 Qe7 5. Ng4 Bxc3 6. dxc3 Nxe4 7. Bd3 Nxc3+
8. Be3 Nxd1 9. Rxd1 d6 10. O-O Bxg4 11. Rde1 O-O 12. Bf4 Qf6 0-1

[Event "AUTO-BEG-437"]
[Site "http://www.queenalice.com/game.php?id=914249"]
[Date "2011.3.18"]
[Round "2"]
[White "Deca10"]
[Black "ArzadSharlaan"]
[Result "1-0"]
[WhiteElo "1771"]
[BlackElo "1410"]

1. e4 e5 2. Nf3 Nc6 3. Bb5 Nf6 4. d3 Bc5 5. Bxc6 bxc6 6. Nxe5 O-O 7. h3 d6 8.
Nxc6 Qd7 9. Na5 Qb5 10. Nb3 Be6 11. Nxc5 Qxc5 12. O-O a5 13. Be3 Qe5 14. c3 1-0

[Event "AUTO-INT-2380"]
[Site "http://www.queenalice.com/game.php?id=1082089"]
[Date "2012.7.13"]
[Round "1"]
[White "ArzadSharlaan"]
[Black "Rider"]
[Result "0-1"]
[WhiteElo "1407"]
[BlackElo "1615"]

1. e4 d5 2. Nc3 d4 3. Nd5 e5 4. d3 c6 5. Nf3 Bd6 6. g3 cxd5 7. exd5 Nf6 8. Bg5
h6 9. Bxf6 gxf6 10. c4 Qa5+ 11. Qd2 Bb4 12. a3 Bxd2+ 13. Nxd2 f5 14. b4 Qa4 15.
Bh3 Qd7 16. O-O Qd6 17. Nf3 Na6 18. Nh4 e4 19. Rad1 Rg8 20. Nxf5 Qg6 0-1

[Event "AUTO-INT-2380"]
[Site "http://www.queenalice.com/game.php?id=1082090"]
[Date "2012.7.13"]
[Round "1"]
[White "Rider"]
[Black "ArzadSharlaan"]
[Result "1-0"]
[WhiteElo "1607"]
[BlackElo "1415"]

1. c4 c5 2. e4 Nf6 3. Nc3 Nc6 4. d4 d6 5. d5 Nd4 6. Be3 Qb6 7. b3 g6 8. Na4 Qb4+
9. Bd2 Qa3 10. Be3 Nxe4 11. Bxd4 Qb4+ 12. Ke2 cxd4 13. Qxd4 Nf6 14. Nf3 Bh6 15.
Nc3 Bg4 16. h3 Bxf3+ 17. Kxf3 Nxd5 18. Nxd5 Qa5 19. Be2 e5 20. Qd3 O-O 21. Ne7+
Kh8 22. Rhd1 Rae8 23. Qxd6 1-0

[Event "AUTO-INT-2380"]
[Site "http://www.queenalice.com/game.php?id=1082091"]
[Date "2012.7.13"]
[Round "1"]
[White "ArzadSharlaan"]
[Black "TIKAR"]
[Result "0-1"]
[WhiteElo "1420"]
[BlackElo "1690"]

1. e4 e5 2. Nf3 Nc6 3. Bb5 d6 4. d3 Bd7 5. Nc3 Nf6 6. O-O h6 7. Nd5 Nd4 8. Bc4
b5 9. c3 Nxf3+ 10. Qxf3 bxc4 11. dxc4 Be7 12. Be3 c6 13. Nb4 O-O 0-1

[Event "AUTO-INT-2380"]
[Site "http://www.queenalice.com/game.php?id=1082092"]
[Date "2012.7.13"]
[Round "1"]
[White "TIKAR"]
[Black "ArzadSharlaan"]
[Result "1-0"]
[WhiteElo "1684"]
[BlackElo "1426"]

1. e4 e5 2. Nf3 Nc6 3. Bc4 Nf6 4. Nc3 Bc5 5. h3 O-O 6. Na4 Nxe4 7. O-O d6 8. d3
Be6 9. Bxe6 fxe6 10. dxe4 d5 11. Nxc5 Qe7 12. Nxb7 Rab8 13. exd5 1-0

[Event "AUTO-INT-2380"]
[Site "http://www.queenalice.com/game.php?id=1082093"]
[Date "2012.7.13"]
[Round "1"]
[White "ArzadSharlaan"]
[Black "vult0"]
[Result "0-1"]
[WhiteElo "1395"]
[BlackElo "1708"]

1. e4 e5 2. Nf3 d6 3. Nc3 Nf6 4. Bc4 h6 5. d3 Nc6 6. O-O a6 7. Nd5 Nxd5 8. Bxd5
Ne7 9. Nh4 c6 10. Bxf7+ Kxf7 11. Qf3+ Ke8 12. b3 Be6 13. c4 g5 14. Nf5 Nxf5 15.
exf5 Bf7 16. Be3 c5 17. f6 Qd7 18. a4 g4 19. Qe4 h5 20. Bg5 Bh6 0-1

[Event "AUTO-INT-2380"]
[Site "http://www.queenalice.com/game.php?id=1082094"]
[Date "2012.7.13"]
[Round "1"]
[White "vult0"]
[Black "ArzadSharlaan"]
[Result "1-0"]
[WhiteElo "1704"]
[BlackElo "1399"]

1. e4 e5 2. Nf3 Nc6 3. c3 Nf6 4. d3 d6 5. Bg5 Bg4 6. Nbd2 h6 7. Bh4 g5 8. Bg3
Qd7 9. Be2 O-O-O 10. b4 d5 11. O-O d4 12. c4 Nxb4 13. Nxe5 Be6 14. Nxd7 Bxd7 15.
Qb3 Bg4 16. f3 Bh5 17. a3 Nc6 18. Rab1 Na5 19. Qb5 b6 20. Qa6+ 1-0

[Event "Challenge"]
[Site "http://www.queenalice.com/game.php?id=1091822"]
[Date "2012.8.10"]
[Round "-"]
[White "Rogerio11"]
[Black "ArzadSharlaan"]
[Result "0-1"]
[WhiteElo "1292"]
[BlackElo "1392"]

1. e4 e5 2. Bc4 Nf6 3. d3 Nc6 4. Qf3 Bc5 5. g4 O-O 6. g5 Nd4 7. Qd1 d6 8. gxf6
Qxf6 9. c3 Ne6 10. a4 Qxf2# 0-1